00723nam a22002057a 450000500170000001000150001702000260003203500140005803700090007208200110008124500490009225000060014126000460014727000660019330000220025950000330028194200220031499900190033695201620035520250929113117.0 aENG-146883 a9789358703399c375.00 aEN-130415 bDBAD 21a540 aPYQs 16 Years (2009-2024) NTA NEET Chemistry a1 aUttar PradeshbS. Chand Publishing c2025 aD-92, Sector-2, Noida bUttar Pradeshe201301k61-120-4682700 a202p. c27cm(pb)  aAs per the New Syllabus 2025 2ddccENmNTAh540 c213492d213492 001040708NFICaLbLd2025-09-29eDelivery of Books Act Divisiong375.00l1oNTA 540pEN-130415r2026-03-20 00:00:00s2026-03-03t1v375.00w2025-09-29yEN